<?xml version="1.0" encoding="UTF-8"?>
<record
    xmlns:xsi="http://www.w3.org/2001/XMLSchema-instance"
    xsi:schemaLocation="http://www.loc.gov/MARC21/slim http://www.loc.gov/standards/marcxml/schema/MARC21slim.xsd"
    xmlns="http://www.loc.gov/MARC21/slim">

  <leader>00419nam a22001577a 4500</leader>
  <datafield tag="999" ind1=" " ind2=" ">
    <subfield code="c">1865</subfield>
    <subfield code="d">1865</subfield>
  </datafield>
  <controlfield tag="008">200205b           ||||| |||| 00| 0 eng d</controlfield>
  <datafield tag="082" ind1="0" ind2="0">
    <subfield code="a">623.8722</subfield>
    <subfield code="b">F7911</subfield>
  </datafield>
  <datafield tag="100" ind1=" " ind2=" ">
    <subfield code="9">804</subfield>
    <subfield code="a">Fox, W. J.</subfield>
  </datafield>
  <datafield tag="245" ind1="1" ind2="0">
    <subfield code="a">Marine steam engines and turbines</subfield>
  </datafield>
  <datafield tag="260" ind1=" " ind2=" ">
    <subfield code="a">London</subfield>
    <subfield code="b">George Newnes Ltd.</subfield>
    <subfield code="c">1952</subfield>
  </datafield>
  <datafield tag="300" ind1=" " ind2=" ">
    <subfield code="a">343p.</subfield>
  </datafield>
  <datafield tag="365" ind1=" " ind2=" ">
    <subfield code="d">24.01</subfield>
  </datafield>
  <datafield tag="650" ind1=" " ind2="0">
    <subfield code="a">Marine steam-turbines</subfield>
  </datafield>
  <datafield tag="700" ind1=" " ind2=" ">
    <subfield code="9">805</subfield>
    <subfield code="a">McBirnie, S. C.</subfield>
  </datafield>
  <datafield tag="942" ind1=" " ind2=" ">
    <subfield code="c">BK</subfield>
  </datafield>
  <datafield tag="952" ind1=" " ind2=" ">
    <subfield code="0">0</subfield>
    <subfield code="1">0</subfield>
    <subfield code="2">ddc</subfield>
    <subfield code="4">0</subfield>
    <subfield code="6">623_872200000000000_F7911</subfield>
    <subfield code="7">0</subfield>
    <subfield code="9">4842</subfield>
    <subfield code="a">CL</subfield>
    <subfield code="b">CL</subfield>
    <subfield code="d">1953-02-25</subfield>
    <subfield code="e">A. H. Wheeler </subfield>
    <subfield code="o">623.8722 F7911</subfield>
    <subfield code="p">01579</subfield>
    <subfield code="r">2020-02-05</subfield>
    <subfield code="y">BK</subfield>
  </datafield>
  <datafield tag="952" ind1=" " ind2=" ">
    <subfield code="0">0</subfield>
    <subfield code="1">1</subfield>
    <subfield code="2">ddc</subfield>
    <subfield code="4">0</subfield>
    <subfield code="6">623_872200000000000_F7911</subfield>
    <subfield code="7">0</subfield>
    <subfield code="9">12272</subfield>
    <subfield code="a">CL</subfield>
    <subfield code="b">CL</subfield>
    <subfield code="d">1953-02-25</subfield>
    <subfield code="e">A. H. Wheeler </subfield>
    <subfield code="o">623.8722 F7911</subfield>
    <subfield code="p">01580</subfield>
    <subfield code="r">2020-07-24</subfield>
    <subfield code="y">BK</subfield>
  </datafield>
  <datafield tag="952" ind1=" " ind2=" ">
    <subfield code="0">0</subfield>
    <subfield code="1">1</subfield>
    <subfield code="2">ddc</subfield>
    <subfield code="4">0</subfield>
    <subfield code="6">623_872200000000000_F7911</subfield>
    <subfield code="7">0</subfield>
    <subfield code="9">12273</subfield>
    <subfield code="a">CL</subfield>
    <subfield code="b">CL</subfield>
    <subfield code="d">1953-02-25</subfield>
    <subfield code="e">A. H. Wheeler </subfield>
    <subfield code="o">623.8722 F7911</subfield>
    <subfield code="p">01581</subfield>
    <subfield code="r">2020-07-24</subfield>
    <subfield code="y">BK</subfield>
  </datafield>
</record>
